Gorilla Grodd - Portrayals by Picture - Statistics

General Stats
  • This quiz has been taken 3 times
  • The average score is 3 of 14
Answer Stats
Picture Answer % Correct
John DiMaggio
100%
Kevin Michael Richardson / Travis Willingham / Ike Amadi / David Sobolov
67%
Takehito Koyasu / Fred Tatasciore
67%
John DiMaggio
33%
Brian George
0%
Charles Halford
0%
Clancy Brown
0%
David Sobolov
0%
David Sobolov
0%
Jens Anderson
0%
Neil Kaplan
0%
Powers Boothe
0%
Stanley Ralph Ross
0%
Travis Willingham
0%
No matching quizzes found
Score Distribution
Percent of People with Each Score
Percentile by Number Answered
Your Score History
You have not taken this quiz